00777nam a22002177a 450000500170000001000150001702000310003202000320006303500130009503700130010808200080012124500930012926000290022227000540025130000310030550000190033670000270035594200220038299900170040495201380042120100804122956.0 aENG-100791 c750.00a8173043531(Series) c750.00a8173045186( vol iv) aEN-84324 bDBAD/PUB a921 aJayaprakash Narayan :cedited by Bimal Prashad bselected works volume four ( 1946-1948) aNew DelhibManoharc2003 a4753/23 Ansari Road, DaryaganjbNew Delhie110002 aV.4. xxiii,461pb24cm (Hb) aIncludes index aPrashad, Bimal 96065 2ddccENh921mJAY c42341d42341 001040718NFICaDBADbDBADd2010-08-18eDBAD/PUBg750.00l0o921 JAYpEN-84324r2010-08-18 00:00:00t1v750.00w2010-08-18yENzv 4